Dôsledky nelegálneho zamestnávania

Čo je považované za nelegálne zamestnávanie. Jeho dôsledky pre obe strany pracovnoprávneho vzťahu. Kontrola nelegálneho zamestnávania,, sankcie.

Salvato in:
Dettagli Bibliografici
Autore principale: Kovalčíková, Martina
Natura: Capitolo di libro
Lingua:slovacco
Soggetti:
Tags: Aggiungi Tag
Nessun Tag, puoi essere il primo ad aggiungerne!!

MARC

LEADER 00000naa a2200000 4500
001 0235582
005 20170905130839.1
041 0 |a slo 
044 |a SK 
245 1 0 |a Dôsledky nelegálneho zamestnávania  |c Martina Kovalčíková 
520 |a Čo je považované za nelegálne zamestnávanie. Jeho dôsledky pre obe strany pracovnoprávneho vzťahu. Kontrola nelegálneho zamestnávania,, sankcie. 
610 2 0 |a zamestnanosť 
610 2 0 |a ekonomika tieňová 
610 2 0 |a práca nelegálna 
610 2 0 |a sankcie 
100 1 |a Kovalčíková, Martina